| 000 | 00370nam a2200145Ia 4500 | ||
|---|---|---|---|
| 008 | 230917s9999||||xx |||||||||||||| ||und|| | ||
| 040 |
_e129105 _aMAIN |
||
| 041 | _aEnglish | ||
| 082 | _a820.9 R72O | ||
| 100 | _aRose, H J | ||
| 245 | 0 | _aOutlines of classical literature: For students of English | |
| 260 |
_aLondon _bMethuen _c1959 |
||
| 300 | _a303 p. | ||
| 942 | _cBK | ||
| 999 |
_c187291 _d187291 |
||